| 000 | 01004nam a22002417a 4500 | ||
|---|---|---|---|
| 003 | EG-ScBUE | ||
| 005 | 20221009094206.0 | ||
| 008 | 100624q1999 ua o f b 000 0 ara d | ||
| 017 | _a99 / 8675 | ||
| 040 |
_aEG-ScBUE _bara _erda _cEG-ScBUE _dEG-ScBUE |
||
| 082 | 0 | 4 |
_222 _a704.94 _bح س ن |
| 100 | 1 |
_915236 _aحسن، سليمان محمود، _eمؤلف. |
|
| 245 | 1 | 2 |
_aالرموز التشكيلية في السحر الشعبي / _cتقديم د. مصطفى الرزاز؛ تأليف د. سليمان محمود حسن. |
| 264 | 1 |
_aالقاهرة : _bالهيئة العامة لقصور الثقافة _c[1999?] |
|
| 300 |
_a231 صفحة : _bصور ؛ _c23 سم |
||
| 504 | _aيشتمل على إرجاعات ببليوجرافية. | ||
| 541 |
_aجمعية الرعاية المتكاملة ؛ _cإهداء ؛ |
||
| 650 | 7 |
_915237 _aالسحر في الفن. _2BUEsh |
|
| 653 | _bART | ||
| 655 | _vReading book | ||
| 700 | 1 |
_915238 _aرزاز، مصطفى، _eمقدم. |
|
| 942 |
_2ddc _cBB |
||
| 999 |
_c14221 _d14221 |
||